Concretos y morteros modificados con polímeros
Salvato in:
| Autore principale: | |
|---|---|
| Altri autori: | |
| Natura: | Libro |
| Pubblicazione: |
San José, Costa Rica
2000
|
| Soggetti: | |
| Tags: |
Aggiungi Tag
Nessun Tag, puoi essere il primo ad aggiungerne!!
|
MARC
| LEADER | 00000nam a2200000Ia 4500 | ||
|---|---|---|---|
| 003 | 010180 | ||
| 005 | 20231127112238.0 | ||
| 008 | 140114s2000 cr a m 000 ||s d | ||
| 040 | |c cru CEDI | ||
| 090 | |a TFG 4189 | ||
| 100 | |a Torres Salazar, Bernardo, 1974- |9 1881 | ||
| 245 | |a Concretos y morteros modificados con polímeros | ||
| 260 | |a San José, Costa Rica |c 2000 | ||
| 300 | |a ix, 95 hojas : ilustraciones a color | ||
| 500 | |a Proyecto de graduación: (licenciatura en Ingeniería Civil)--Universidad de Costa Rica. Facultad de Ingeniería. Escuela de Ingeniería Civil | ||
| 501 | |a Director de Proyecto de Graduación: Ing. Alejandro Navas Carro. | ||
| 650 | |x POLIMEROS |x HORMIGON |x MEZCLAS |x ADITIVOS |x ARGAMASA |x MATERIALES DE CONSTRUCCION |9 8013 | ||
| 700 | |a Navas Carro, Alejandro, 1967- |d Director del TFG |9 142 | ||
| 942 | |c TFG |h TFG 4189 |i 010180 |6 TFG_4189_010180000000000 | ||
| 999 | |c 18221 |d 18221 | ||
